000 00252nam a22001097a 4500
082 _a808 SHA'H
100 _aSHAKESPEARES
_957760
245 _aHISTORICAL PLAYS POEMS AND SONNETS
260 _aNEWYORK
_bJ. M. DENT
_c1919
300 _a885P
942 _cBK
999 _c568020
_d568020